Statistics for Five Senses in 15 Seconds

Click here to take the quiz!

General Stats

  • This quiz has been taken 123 times
  • The average score is 4 of 5

Answer Stats

Sense % Correct
Sight
95%
Touch
90%
Hearing
89%
Smell
85%
Taste
83%

Score Distribution

Percentile by Number Answered

Percent of People with Each Score

Your Score History

You have not taken this quiz